000 00713nam a2200289Ia 4500
005 20260324133746.0
008 008 260324s9999 xx 000 0 eng d
020 _a9781003573197
037 _aEBOOK
040 _aCRL
040 _beng
040 _cCRL
041 _2eng
041 _aeng
084 _qCRL
100 _aJim Cole; David C Fowler; Wayne Jones
_91194285
245 0 _aE-Serials Collection Management
245 0 _bTransitions, Trends, and Technicalities
260 _bTaylor and Francis
260 _c2003
365 _a
365 _b120
856 _uhttp://www.taylorfrancis.com/books/9781003573197
942 _cEBOOK
999 _c1793670
_d1793670